| Tag |
First Indicator |
Second Indicator |
Subfields |
| LEADER |
00000cam a2200000 4500 |
| 001 |
in00000054547 |
| 005 |
20151008052045.0 |
| 008 |
731206s1916 ohu 00000 eng u |
| 010 |
|
|
|a 16005600
|
| 035 |
|
|
|a (OCoLC)00755817
|
| 035 |
|
|
|9 AAH1450AM
|
| 040 |
|
|
|c CSU
|d TXA
|d UtOrBLW
|
| 049 |
|
|
|a TXAM
|c [30316]
|
| 050 |
|
0 |
|a LA348.C6
|b A3
|
| 090 |
|
|
|a LA348.C6
|b A3 no.18
|
| 092 |
|
|
|a 371.42
|b O4d
|
| 100 |
1 |
|
|a O'Leary, Iris Prouty,
|d 1878-
|
| 245 |
1 |
0 |
|a Department store occupations /
|c by Iris Prouty O'Leary.
|
| 264 |
|
1 |
|a Cleveland, O. :
|b The Survey committee of the Cleveland foundation,
|c 1916.
|
| 300 |
|
|
|a 127p :
|b diagrams ;
|c 18cm.
|
| 336 |
|
|
|a text
|b txt
|2 rdacontent
|
| 337 |
|
|
|a unmediated
|b n
|2 rdamedia
|
| 338 |
|
|
|a volume
|b nc
|2 rdacarrier
|
| 490 |
0 |
|
|a [Cleveland Foundation. Publications] 11
|
| 500 |
|
|
|a At head of title: Cleveland Education Survey.
|
| 500 |
|
|
|a "This report [the 18th in the list at end] is one of the 25 sections of the report of the Educational Survey of Cleveland conducted by the Survey Committee of the Cleveland Foundation in 1915."- Foreword.
|
| 650 |
|
0 |
|a Department stores.
|
| 650 |
|
0 |
|a Working class
|z Ohio
|z Cleveland.
|
| 650 |
|
0 |
|a Business education.
|
| 650 |
|
0 |
|a Labor movement
|z Ohio
|z Cleveland.
|
| 650 |
|
0 |
|a Labor
|z Ohio
|z Cleveland.
|
| 999 |
|
|
|a MARS
|
| 999 |
f |
f |
|s 718b9654-868d-3dfb-9b94-be0aedfeb09e
|i 283b9785-c508-33f5-be76-33fffd56ad6b
|t 0
|
| 952 |
f |
f |
|p normal
|a Texas A&M University
|b College Station
|c Sterling C. Evans Library
|d Evans: Library Stacks
|t 0
|e LA348.C6 A3 no.18
|h Library of Congress classification
|i unmediated -- volume
|m A14800838688
|
| 998 |
f |
f |
|a LA348.C6 A3 no.18
|t 0
|l Evans: Library Stacks
|